Itáliai intermezzo Ladislav Fuks

Bibliographic Details
Main Author: Szabó, László G., 1955- (Author)
Format: Article
Language:Hungarian
PhysicalDescription:Fotogr.
ISSN:1335-7050
Subjects:

MARC

LEADER 00000nab a2200000 ar4500
001 vtls010063446
003 SK-MaSNL
005 20260318132923.0
008 100210c20100123xo |||||||| 000 b|hun
015 |a SNBRB2010/02  |2 snkbucl 
038 |a SNKBUCL 
040 |a DSZK  |b slo  |c DSZK  |e AACR2 
041 0 |a hun 
044 |a xo  |c SK 
080 |a 82:929:821.162.3  |2 2001 
080 |a 821.162.3:929  |2 2001 
080 |a 929 Fuks, Ladislav  |2 2001 
100 1 |a Szabó, László G.,  |d 1955-  |4 aut  |9 840019 
245 1 0 |a Itáliai intermezzo  |b Ladislav Fuks  |c Szabó G. László 
300 |b Fotogr. 
600 1 7 |a Fuks, Ladislav,  |d 1923-1994  |2 snkbucl  |9 230517 
773 0 |t Új szó  |g Évf. 63, sz. 18 (23.1.2010), o. 12  |x 1335-7050 
773 0 8 |i Mell.:  |t Szalon  |g Évf. 4, sz. 4 (2010) 
852 |a SNK  |b KIS3GCP 
852 |a DSZK  |b KIS3GCP 
958 |a HU 
958 |a LX 
958 |a CZ 
999 |c 2166039  |d 2167969